| 000 | 004930000a22001810004500 | ||
|---|---|---|---|
| 003 | MACL | ||
| 005 | 20160420120518.0 | ||
| 008 | 160420b xxu||||| |||| 00| 0 eng d | ||
| 040 |
_aMACL _cMACL |
||
| 041 | _aHindi | ||
| 082 | _a800 | ||
| 100 |
_aमहेंदसिंह बेदी _952784 |
||
| 245 | _aयादों का जशन | ||
| 260 |
_bसारांश _c1995 _aदिल्ली |
||
| 350 | _a350 | ||
| 650 |
_aLiteracture _952785 |
||
| 942 |
_cHIN _k800/BED/L _2ddc |
||
| 999 |
_c19371 _d19371 |
||